000 00436nam a2200181Ia 4500
008 090124s9999 xx 000 0 und d
082 _b35055
100 _aFINKEL V.
245 _aTHE PORTRAIT OF A CRACK
250 _a1
260 _bMIR PUBLISHERS MOSCOW
_c1985
300 _a165
600 _aFINKEL V.
630 _aTHE PORTRAIT OF A CRACK
700 _aFINKEL V.
730 _aTHE PORTRAIT OF A CRACK
942 _cBOOK
999 _c101005
_d101005